000 00658nam a2200205 i 4500
001 76195
003 ES-MaACL
005 20250822062531.0
007 t|
008 040929s1970 sp ||||1| spa d
100 1 _aGudiol, José (
_d1904-1985)
_960392
245 1 0 _aGoya, 1746-1828
_b: biografía, estudio analítico y catálogo de sus pinturas /
_cpor José Gudiol.
260 _aBarcelona :
_bPolígrafa,
_c[1970]
300 _a4 v. ;
_c30 cm.
500 _aLos v. II, III y IV dedicados a lám.
600 1 4 _aGoya, Francisco de,
_d1746-1828
_9240353
852 _aES-MaACL
_jC-41051-54
_bR.79763
942 _2udc
999 _c76195
_d76195